Taylor Swift - Devine la chanson sans indices #18 - Statistiques

Statistiques générales
  • Ce quiz a été pris 461 fois
  • Le résultat moyen est 274 sur 428
Statistiques - réponses
Réponse % Correct
I
100%
a
98%
you
98%
You
98%
(oh)
93%
the
93%
The
93%
me
91%
an
87%
to
87%
my
84%
your
84%
it
83%
on
83%
when
83%
where
83%
And
81%
and
81%
in
81%
that
78%
is
76%
was
76%
for
72%
I'm
72%
were
72%
like
71%
Like
71%
of
69%
know
68%
say
68%
win
66%
They
65%
this
64%
man
61%
take
61%
but
60%
But
60%
could
60%
hand
58%
if
57%
I'll
57%
That's
56%
that's
56%
willow
56%
night
55%
Life
54%
look
53%
more
53%
never
53%
time
53%
less
52%
from
51%
there
50%
face
49%
one
49%
follow
48%
plans
47%
thing
46%
I'd
45%
home
43%
back
42%
begging
42%
Begging
42%
come
42%
right
42%
Wreck
41%
water
40%
Wherever
40%
wind
40%
knife
39%
after
38%
again
38%
As
38%
case
38%
Every
38%
open
38%
out
38%
dark
37%
or
37%
than
37%
Yeah,
37%
Now
36%
through
36%
would've
36%
cut
35%
feel
35%
Head
35%
known
35%
Lost
35%
meet
35%
Wait
35%
ship
33%
stray
33%
gave
32%
Show
32%
Anywhere
31%
places
31%
else
30%
surface
30%
bent
29%
hollow
29%
ring
29%
scars
29%
wine
29%
champion
28%
should've
28%
stronger
28%
train
28%
art
27%
others
27%
priceless
27%
signal
27%
work
27%
shut
26%
trend
26%
Rough
25%
sneaking
25%
trophy
25%
cheat
24%
pillow,
24%
rolled
24%
Hey,
22%
90's
21%
Guess
21%
mythical
21%
prize
21%
count
19%
current
16%
switch
16%
bait
11%
Aucun quiz correspondant
Distribution des résultats
% des personnes avec chaque résultat
Percentile par nombre de réponses
Votre historique - résultats
Vous n’avez pas pris ce quiz